000 00944nam a2200349 a 4500
003 AR-BaBNM
005 20251128210724.0
008 082120s2002 ||||||||||||||000 | spa||
020 _a950-46-0478-1
040 _cAR-BaBNM
245 0 0 _aAntología Literaria
_b5to. EGB
250 _a1ª ed.
260 _aBuenos Aires
_bSantillana
_c1998
300 _a127 p.
_bil.
500 _aContiene actividades y fichas de registro
650 4 _aCUENTO INFANTIL
650 4 _aANTOLOGIAS
650 4 _aLITERATURA INFANTIL
650 4 _aACTIVIDADES DE APRENDIZAJE
650 4 _aCUENTOS FOLKLORICOS
650 4 _aGUARANIES
650 4 _aLITERATURA ESPAÑOLA
650 4 _aLEYENDAS
650 4 _aLITERATURA EUROPEA
650 4 _aMITOLOGIA
653 _aADIVINANZAS
655 _aLITERATURA
700 1 _aFaggiani, Roberto Jorge
_ecompilador
700 1 _aGaribotto, Estela Cristina
_ecompilador
942 _cBK
998 _cRAQUEL
999 _c16602
_d16602